[Event "Prva liga Centralne Srbije 2007"]
[Site "Vrnjacka Banja"]
[Date "2007.09.22"]
[Round "3.1"]
[White "Savicevic, Vlatko"]
[Black "Andonov, Bogomil"]
[Result "1-0"]
[WhiteElo "2326"]
[BlackElo "2383"]
[PlyCount "75"]
[EventDate "2007.09.09"]

1. e4 c5 2. Nf3 Nc6 3. d4 cxd4 4. Nxd4 Qc7 5. Nc3 e6 6. g3 a6 7. Bg2 Nf6 8. Nb3
b5 9. O-O Bb7 10. f4 d6 11. Be3 Be7 12. a3 Nd7 13. Qd2 Nb6 14. Bf2 Nc4 15. Qc1
Bf6 16. e5 dxe5 17. Ne4 exf4 18. Nxf6+ gxf6 19. Nc5 Nd8 20. Nxb7 Nxb7 21. b3
Nca5 22. Qb2 e5 23. Rad1 f3 24. Bxf3 Rd8 25. Rxd8+ Nxd8 26. Be3 Ne6 27. Bd5 Qd6
28. c4 bxc4 29. bxc4 Nc5 30. Qb4 Nab3 31. Rb1 Ke7 32. Rxb3 Nxb3 33. Qb7+ Qd7
34. Qxb3 f5 35. Bg5+ Kf8 36. Qb8+ Qe8 37. Bh6+ Ke7 38. Qc7+ 1-0

[Event "Prva liga Centralne Srbije 2007"]
[Site "Vrnjacka Banja"]
[Date "2007.09.22"]
[Round "3.1"]
[White "Muratovic, Alija"]
[Black "Simic, Dragisa"]
[Result "0-1"]
[WhiteElo "2476"]
[BlackElo "2333"]
[PlyCount "96"]
[EventDate "2007.09.09"]

1. e4 e6 2. d4 d5 3. Nd2 Be7 4. Ngf3 Nf6 5. Bd3 c5 6. exd5 exd5 7. dxc5 Bxc5 8.
O-O O-O 9. h3 Nc6 10. Nb3 Bb6 11. c3 Ne4 12. Nbd4 f5 13. Bf4 h6 14. Qc2 Qf6 15.
Rad1 Be6 16. Nxe6 Qxe6 17. c4 Kh8 18. cxd5 Qxd5 19. Bc4 Qa5 20. a3 Rad8 21. Nh4
Kh7 22. b4 Qxa3 23. Rxd8 Rxd8 24. Nxf5 Nxf2 25. Rxf2 Nxb4 26. Qe4 Bxf2+ 27.
Kxf2 Nd3+ 28. Kg1 Nxf4 29. Qxf4 Qc5+ 30. Kh2 b5 31. Ba2 Rd1 32. h4 Qg1+ 33. Kh3
Qf1 34. Qg4 Qh1+ 35. Kg3 Qe1+ 36. Kh3 Rd3+ 37. Kh2 Qe5+ 38. Ng3 h5 39. Qh3 Ra3
40. Bb1+ Kh6 41. Bc2 Re3 42. Bd1 a6 43. Bf3 Qe6 44. Qxe6+ Rxe6 45. Ne4 b4 46.
Nc5 Re5 47. Nb3 Re3 48. Bd5 a5 0-1

[Event "Prva liga Centralne Srbije 2007"]
[Site "Vrnjacka Banja"]
[Date "2007.09.22"]
[Round "3.1"]
[White "Pavlovic, Nebojsa"]
[Black "Djakovac, Enes"]
[Result "1-0"]
[WhiteElo "2337"]
[BlackElo "2237"]
[PlyCount "79"]
[EventDate "2007.09.09"]

1. e4 e5 2. Nf3 Nc6 3. Bb5 a6 4. Bxc6 dxc6 5. O-O Bg4 6. h3 Bxf3 7. Qxf3 Qd7 8.
d3 O-O-O 9. Nd2 f6 10. Qg4 Bc5 11. Qxd7+ Rxd7 12. Nb3 Bb6 13. a4 Ne7 14. a5 Ba7
15. Be3 Bxe3 16. fxe3 Ng6 17. Ra4 Nf8 18. Nc5 Re7 19. Rb4 Ne6 20. Na4 Rd7 21.
Ra1 Kb8 22. Ra3 Ka7 23. Rab3 Rb8 24. Kf2 Rd6 25. Rc3 b6 26. axb6+ cxb6 27. Ra3
c5 28. Rb5 Kb7 29. Rbb3 b5 30. Nc3 Nc7 31. Ra1 b4 32. Ne2 Ka7 33. Ng3 Rb5 34.
Nf1 Na8 35. Nd2 a5 36. c4 Rb8 37. Rxa5+ Kb6 38. Rb5+ Ka7 39. Rxc5 Ra6 40. d4
1-0

[Event "Prva liga Centralne Srbije 2007"]
[Site "Vrnjacka Banja"]
[Date "2007.09.22"]
[Round "3.1"]
[White "Milosavljevic, Milisav"]
[Black "Adzic, Momcilo"]
[Result "0-1"]
[WhiteElo "2199"]
[BlackElo "2248"]
[PlyCount "42"]
[EventDate "2007.09.09"]

1. Nf3 Nf6 2. c4 e6 3. g3 b6 4. Bg2 Bb7 5. O-O Be7 6. d4 O-O 7. d5 Na6 8. Nc3
Nc5 9. Nh4 e5 10. Nf5 d6 11. e4 Re8 12. b4 Ncd7 13. Be3 Bf8 14. Qf3 a5 15. a3
axb4 16. axb4 Ba6 17. Nb5 Kh8 18. Bg5 h6 19. Bd2 Kh7 20. Ra3 Qb8 21. Rfa1 Qb7 {
mobilni} 0-1

[Event "Prva liga Centralne Srbije 2007"]
[Site "Vrnjacka Banja"]
[Date "2007.09.22"]
[Round "3.1"]
[White "Semenov, Aleksandar"]
[Black "Milosavljevic, Zoran"]
[Result "0-1"]
[WhiteElo "2264"]
[BlackElo "2185"]
[PlyCount "88"]
[EventDate "2007.09.09"]

1. c4 c5 2. Nc3 Nf6 3. g3 g6 4. Bg2 Bg7 5. e3 O-O 6. Nge2 Nc6 7. O-O d6 8. b3
Rb8 9. Bb2 Bf5 10. d4 cxd4 11. Nxd4 Nxd4 12. exd4 Qc8 13. Re1 Re8 14. Qd2 a6
15. Rac1 h5 16. b4 b6 17. b5 Bd7 18. Nd5 Nxd5 19. Bxd5 e6 20. Bg2 axb5 21. cxb5
Qd8 22. Bc6 Bxc6 23. Rxc6 Ra8 24. Bc3 d5 25. Qc2 Qb8 26. a4 Rc8 27. Rc1 Bh6 28.
Bd2 Rxc6 29. bxc6 Bxd2 30. c7 Qc8 31. Qxd2 Rxa4 32. Qg5 Ra8 33. Qe7 Kg7 34. Rc6
Qa6 35. Rxe6 Qa1+ 36. Re1 Qxd4 37. Qd8 Qc3 38. Re8 Ra1+ 39. Kg2 Qc1 40. c8=Q
Qh1+ 41. Kh3 Qf1+ 42. Kh4 Ra4+ 43. Kg5 Qc1+ 44. Qxc1 Rg4# 0-1

[Event "Prva liga Centralne Srbije 2007"]
[Site "Vrnjacka Banja"]
[Date "2007.09.22"]
[Round "3.1"]
[White "Ikic, Alija"]
[Black "Draskovic, Dragan"]
[Result "0-1"]
[WhiteElo "2137"]
[BlackElo "2154"]
[PlyCount "86"]
[EventDate "2007.09.09"]

1. Nf3 Nf6 2. c4 g6 3. Nc3 d5 4. g3 c6 5. b3 Bg7 6. Bb2 O-O 7. Bg2 Ne4 8. Qc2
Nxc3 9. Bxc3 d4 10. Bb2 e5 11. O-O Re8 12. d3 c5 13. a3 a5 14. e4 f5 15. Nd2 f4
16. f3 Nc6 17. Rf2 g5 18. Nf1 Rf8 19. Bc1 h5 20. Bd2 Rf7 21. Rb1 Bf8 22. Qc1
Rg7 23. Kh1 Qf6 24. Be1 Qh6 25. h3 g4 26. hxg4 hxg4+ 27. Kg1 Rh7 28. fxg4 Bxg4
29. gxf4 Be7 30. f5 Bh4 31. Rc2 Bg5 32. Bd2 Rg7 33. Bxg5 Rxg5 34. Qe1 Kf7 35.
Nh2 Bh3 36. Nf3 Rg4 37. Rbb2 Rag8 38. Rf2 Rg3 39. Qf1 Qe3 40. Kh1 Bxg2+ 41.
Rxg2 Rxf3 42. Rgf2 Rh8+ 43. Kg1 Rg3+ 0-1

[Event "Prva liga Centralne Srbije 2007"]
[Site "Vrnjacka Banja"]
[Date "2007.09.23"]
[Round "3.2"]
[White "Kojovic, Dragan"]
[Black "Misailovic, Nebojsa"]
[Result "1-0"]
[WhiteElo "2407"]
[BlackElo "2318"]
[PlyCount "159"]
[EventDate "2007.09.09"]

1. d4 d5 2. Nf3 Nf6 3. Bf4 Bf5 4. e3 e6 5. h3 Be7 6. Bd3 Bg6 7. Ne5 Nbd7 8.
Nxg6 hxg6 9. Nd2 c5 10. c3 Qb6 11. Qb3 c4 12. Qxb6 axb6 13. Bc2 b5 14. Ke2 b4
15. cxb4 Bxb4 16. a3 Be7 17. Nb1 Ra6 18. Nc3 Bd6 19. Bxd6 Rxd6 20. b4 cxb3 21.
Bxb3 Rb6 22. Rhb1 Ke7 23. Bc2 Rc6 24. Kd2 Rhc8 25. Rb3 Nb6 26. Bd3 Kd8 27. f3
Nc4+ 28. Bxc4 Rxc4 29. Ra2 Ne8 30. Kd3 Nd6 31. e4 dxe4+ 32. fxe4 f6 33. a4 e5
34. dxe5 fxe5 35. Nb5 Nxe4 36. Re2 Nf6 37. Rxe5 Nd7 38. Rd5 Rc1 39. Ke2 R8c5
40. Rxc5 Rxc5 41. Nd6 Rc2+ 42. Kf3 b6 43. Rb4 Ra2 44. g3 Nc5 45. Rg4 Nd7 46.
Rd4 Ne5+ 47. Kf4 Nc6 48. Re4 Kd7 49. Nc4 Kc7 50. Ne5 Nxe5 51. Kxe5 Rf2 52. Ke6
Rf6+ 53. Ke7 Rf3 54. Rc4+ Kb7 55. Rg4 Rf6 56. Rg5 Ka6 57. h4 Kb7 58. a5 bxa5
59. Rxa5 Kb6 60. Re5 Kc7 61. Re6 Rf3 62. Rxg6 Re3+ 63. Kf7 Kd7 64. Rxg7 Rf3+
65. Kg8+ Ke8 66. Rg4 Rf8+ 67. Kg7 Rf7+ 68. Kg6 Ra7 69. Rf4 Ra6+ 70. Kg5 Ra5+
71. Rf5 Ra7 72. h5 Rg7+ 73. Kh4 Ra7 74. h6 Rh7 75. Kh5 Ra7 76. g4 Ra2 77. Kg6
Ra6+ 78. Rf6 Ra2 79. h7 Rh2 80. Rf5 1-0

[Event "Prva liga Centralne Srbije 2007"]
[Site "Vrnjacka Banja"]
[Date "2007.09.23"]
[Round "3.2"]
[White "Marinkovic, Zoran"]
[Black "Rabrenovic, Vladan"]
[Result "0-1"]
[WhiteElo "2273"]
[BlackElo "2312"]
[PlyCount "84"]
[EventDate "2007.09.09"]

1. Nf3 c5 2. g3 Nc6 3. Bg2 e5 4. O-O d5 5. d3 Bd6 6. c4 d4 7. e3 Nge7 8. Re1 h6
9. exd4 exd4 10. Nbd2 f5 11. a3 a5 12. Nf1 O-O 13. Nh4 Bd7 14. Bf4 Qc7 15. Qd2
Bxf4 16. gxf4 Qd6 17. Re2 a4 18. Rae1 Kh7 19. Ng3 Ng6 20. Nxg6 Qxg6 21. Bf3 Qf6
22. Bd5 g6 23. Bxc6 Bxc6 24. Re7+ Rf7 25. R1e6 Qxe7 26. Rxe7 Rxe7 27. h4 Bf3
28. h5 gxh5 29. Kh2 Kg6 30. Kh3 b6 31. Qc2 Kf6 32. b3 h4 33. Kxh4 Rg8 34. bxa4
Bg2 35. Qb2 Rg4+ 36. Kh5 Re6 37. Ne4+ Ke7 38. Nd2 Rxf4 39. a5 Rxf2 40. axb6 Bb7
41. Qb5 Kf6 42. Kh4 Re3 0-1

[Event "Prva liga Centralne Srbije 2007"]
[Site "Vrnjacka Banja"]
[Date "2007.09.23"]
[Round "3.2"]
[White "Irizanin, Radoje"]
[Black "Milenkovic, Mladen"]
[Result "1-0"]
[WhiteElo "2325"]
[BlackElo "2307"]
[PlyCount "123"]
[EventDate "2007.09.09"]

1. d4 Nf6 2. Nf3 c5 3. e3 e6 4. Bd3 b6 5. O-O Bb7 6. c3 d6 7. Nbd2 Nbd7 8. e4
Qc7 9. Re1 e5 10. dxe5 dxe5 11. Qb3 Be7 12. Bc4 O-O 13. Ng5 Nd5 14. Ndf3 h6 15.
Bxd5 Bxd5 16. Qxd5 hxg5 17. Bxg5 Bxg5 18. Nxg5 c4 19. Rad1 Rad8 20. Nf3 Rfe8
21. Nd2 Nc5 22. Qxc4 Qd7 23. Qe2 Qa4 24. Nc4 Rxd1 25. Rxd1 Qxa2 26. h3 Qb3 27.
Rd5 f6 28. Nd6 Rf8 29. Nf5 g6 30. Nh4 Kf7 31. Qd2 Kg7 32. Qe2 Kf7 33. Rd2 Rh8
34. Qg4 Rh6 35. f4 Qc4 36. Qc8 Qe6 37. Qxe6+ Kxe6 38. f5+ gxf5 39. exf5+ Kf7
40. Ng6 Rh5 41. b4 Ne4 42. Rd7+ Ke8 43. Rxa7 Rxf5 44. Ne7 Rf2 45. Nd5 Rd2 46.
c4 Kd8 47. Nxb6 Rd1+ 48. Kh2 f5 49. c5 Rc1 50. Rd7+ Ke8 51. Rd5 Ke7 52. Rxe5+
Kf6 53. Nd7+ Kg5 54. g4 Rc2+ 55. Kg1 Kf4 56. Rxf5+ Kg3 57. Kf1 Kxh3 58. Rf3+
Kxg4 59. Ne5+ Kg5 60. Ke1 Nc3 61. c6 Nd5 62. Rb3 1-0

[Event "Prva liga Centralne Srbije 2007"]
[Site "Vrnjacka Banja"]
[Date "2007.09.23"]
[Round "3.2"]
[White "Civric, Zdravko"]
[Black "Colovic, Dusan"]
[Result "1/2-1/2"]
[WhiteElo "2190"]
[BlackElo "2356"]
[PlyCount "97"]
[EventDate "2007.09.09"]

1. e4 d6 2. d4 Nf6 3. Nc3 e5 4. Nf3 Nbd7 5. Bc4 Be7 6. O-O O-O 7. h3 c6 8. a4
b6 9. Re1 a6 10. b3 Rb8 11. Bb2 b5 12. axb5 axb5 13. Bd3 Re8 14. Ne2 Bf8 15.
Ng3 c5 16. dxe5 Nxe5 17. Nxe5 dxe5 18. Ra2 Qc7 19. Qe2 c4 20. bxc4 Be6 21. c3
Red8 22. Raa1 bxc4 23. Bb1 Bc5 24. Bc1 h6 25. Qf3 Nd7 26. Nf5 Bxf5 27. exf5 Nf6
28. g4 Rb3 29. Bc2 e4 30. Bxe4 Qe5 31. Bf4 Qxc3 32. Qxc3 Rxc3 33. Kg2 Nxe4 34.
Rxe4 Rc2 35. Be3 Bxe3 36. Rxe3 Rc8 37. Ra7 c3 38. Ree7 Rxf2+ 39. Kxf2 c2 40.
Rac7 c1=Q 41. Rxc1 Rxc1 42. Re8+ Kh7 43. Rf8 Rc7 44. h4 g6 45. f6 g5 46. h5
Rc2+ 47. Ke3 Re2+ 48. Kd3 Rd2+ 49. Kxd2 1/2-1/2

[Event "Prva liga Centralne Srbije 2007"]
[Site "Vrnjacka Banja"]
[Date "2007.09.23"]
[Round "3.2"]
[White "Mirkovic, Stevan"]
[Black "Minic, Miroslav"]
[Result "1/2-1/2"]
[WhiteElo "2226"]
[BlackElo "2086"]
[PlyCount "127"]
[EventDate "2007.09.09"]

1. Nf3 f5 2. c4 Nf6 3. g3 d6 4. d4 g6 5. Bg2 Bg7 6. Nc3 O-O 7. O-O Nc6 8. d5
Ne5 9. Nxe5 dxe5 10. Be3 Ng4 11. Bc5 e4 12. Qc2 b6 13. Ba3 Be5 14. b3 Bd6 15.
Bb2 e6 16. dxe6 Bxe6 17. Rad1 Qe7 18. Nb5 Be5 19. h3 Bxb2 20. Qxb2 Nf6 21. Qe5
Rfc8 22. Nd4 Re8 23. Nxe6 Rac8 24. Rd2 Qxe6 25. Qxe6+ Rxe6 26. Rfd1 Rce8 27. e3
Kf7 28. Bf1 c5 29. Be2 R6e7 30. Kg2 Rc8 31. g4 Rcc7 32. Kg3 Rcd7 33. gxf5 gxf5
34. Kf4 Ke6 35. f3 Rxd2 36. Rxd2 Rg7 37. fxe4 Nxe4 38. Rd5 Nd6 39. Bf3 Rg1 40.
Rd2 Nc8 41. Bd5+ Kf6 42. Bb7 Rf1+ 43. Kg3 Ne7 44. Bg2 Re1 45. Kf2 Ra1 46. Bf3
Ng6 47. Be2 Ne5 48. Kg3 Rg1+ 49. Kf2 Rg7 50. Bf3 Rd7 51. Bd5 Rg7 52. Bf3 Rc7
53. Bd5 Ng6 54. Kf3 Ke5 55. Rf2 Rg7 56. Rd2 Nh4+ 57. Kf2 Rd7 58. Re2 Ng6 59.
Kf3 Rg7 60. Rd2 Ne7 61. Rd1 Rg6 62. Bb7 Rh6 63. Kg3 Rg6+ 64. Kf3 1/2-1/2

[Event "Prva liga Centralne Srbije 2007"]
[Site "Vrnjacka Banja"]
[Date "2007.09.23"]
[Round "3.2"]
[White "Cvetic, Milan"]
[Black "Radivojevic, Miladin"]
[Result "0-1"]
[WhiteElo "2116"]
[BlackElo "2182"]
[PlyCount "64"]
[EventDate "2007.09.09"]

1. e4 c5 2. Nf3 d6 3. d4 cxd4 4. Nxd4 Nf6 5. Nc3 a6 6. Bg5 e6 7. Qd2 Be7 8. f3
b5 9. Bd3 b4 10. Nce2 Qb6 11. Be3 Qb7 12. h4 Nbd7 13. g4 Ne5 14. g5 Nfd7 15.
O-O-O Nc5 16. Ng3 Bd7 17. f4 Nexd3+ 18. cxd3 Ba4 19. b3 Bd7 20. Nc2 d5 21. exd5
Qxd5 22. Nxb4 Nxb3+ 23. Kb2 Qa5 24. Qc3 Bxb4 25. Qxb3 Rb8 26. Bd2 O-O 27. Ne4
Ba4 28. Qc4 Bxd1 29. Rxd1 Bc3+ 30. Kc2 Rb2+ 31. Kc1 Qa3 32. Bxc3 Rxa2+ 0-1

[Event "Prva liga Centralne Srbije 2007"]
[Site "?"]
[Date "2007.09.23"]
[Round "3.3"]
[White "Ristic, Nenad"]
[Black "Jesic, Dusan"]
[Result "0-1"]
[WhiteElo "2435"]
[BlackElo "2384"]
[PlyCount "64"]
[EventDate "2007.09.24"]

1. e4 e6 2. d4 d5 3. Nc3 dxe4 4. Nxe4 Bd7 5. Nf3 Bc6 6. Bd3 Nd7 7. O-O Ngf6 8.
Ned2 Be7 9. Nc4 Bxf3 10. Qxf3 c5 11. Qxb7 cxd4 12. Na5 Rb8 13. Qa6 Nc5 14. Qc6+
Nfd7 15. Nb3 Rb6 16. Qf3 Ne5 17. Qg3 Nexd3 18. cxd3 Nxb3 19. axb3 O-O 20. Rxa7
Bd6 21. Qg4 Bxh2+ 22. Kh1 Bb8 23. Ra3 f5 24. Qg5 Qc7 25. g3 e5 26. Kg1 f4 27.
Bd2 Qc2 28. Ba5 Rg6 29. Qe7 Bd6 30. Qb7 fxg3 31. Bb4 g2 32. Qd5+ Kh8 0-1

[Event "Prva liga Centralne Srbije 2007"]
[Site "?"]
[Date "2007.09.23"]
[Round "3.3"]
[White "Stankovic, Dragan P"]
[Black "Urosevic, Zoran"]
[Result "1-0"]
[WhiteElo "2315"]
[BlackElo "2270"]
[PlyCount "81"]
[EventDate "2007.09.24"]

1. g3 g6 2. Bg2 Bg7 3. c4 Nf6 4. Nc3 O-O 5. e4 d6 6. Nge2 e5 7. O-O Nbd7 8. h3
a5 9. d3 Nc5 10. f4 Re8 11. Be3 Bh6 12. Qd2 Qe7 13. fxe5 Bxe3+ 14. Qxe3 dxe5
15. Rxf6 Qxf6 16. Qxc5 c6 17. Rf1 Qe7 18. Qxe7 Rxe7 19. Kf2 Be6 20. Ke3 Rd8 21.
b3 Kg7 22. Na4 b5 23. Nc5 a4 24. cxb5 cxb5 25. Rc1 axb3 26. axb3 b4 27. Nxe6+
Rxe6 28. Rc4 Rb6 29. d4 exd4+ 30. Nxd4 Ra8 31. e5 Ra5 32. Kf4 Ra7 33. Bd5 h6
34. h4 h5 35. Ke4 Kh6 36. Nc6 Rc7 37. Nd8 Rxc4+ 38. Bxc4 f5+ 39. Kd5 Kg7 40.
Nc6 Rb7 41. Kd6 1-0

[Event "Prva liga Centralne Srbije 2007"]
[Site "?"]
[Date "2007.09.23"]
[Round "3.3"]
[White "Pantelic, Sasa"]
[Black "Milosevic, Slavisa"]
[Result "1-0"]
[WhiteElo "2229"]
[BlackElo "2272"]
[PlyCount "49"]
[EventDate "2007.09.24"]

1. d4 f5 2. Nc3 d5 3. Bg5 c6 4. Qd2 Nd7 5. f3 Ngf6 6. O-O-O e6 7. e4 fxe4 8.
fxe4 dxe4 9. Kb1 Be7 10. Nge2 O-O 11. Ng3 Qa5 12. Ncxe4 Qxd2 13. Bxd2 Nxe4 14.
Nxe4 e5 15. Bc4+ Kh8 16. Bg5 Nf6 17. dxe5 Nxe4 18. Bxe7 Re8 19. Bf7 Bg4 20.
Bxe8 Bxd1 21. Bf7 Be2 22. Kc1 Bb5 23. Re1 Nf2 24. h3 b6 25. Bh4 1-0

[Event "Prva liga Centralne Srbije 2007"]
[Site "?"]
[Date "2007.09.23"]
[Round "3.3"]
[White "Jokovic, Dragan"]
[Black "Misic, Dragan"]
[Result "1/2-1/2"]
[WhiteElo "2164"]
[BlackElo "2222"]
[PlyCount "43"]
[EventDate "2007.09.24"]

1. d4 d5 2. Bg5 c6 3. e3 Qb6 4. b3 Bf5 5. Bd3 Bxd3 6. Qxd3 e6 7. Nd2 a5 8. c3
Nd7 9. f4 h6 10. Bh4 f5 11. Ngf3 Be7 12. g4 g6 13. gxf5 gxf5 14. Bxe7 Nxe7 15.
Rg1 a4 16. b4 Rg8 17. Rxg8+ Nxg8 18. Ne5 O-O-O 19. O-O-O Ngf6 20. Rg1 Rg8 21.
Rxg8+ Nxg8 22. Ndf3 1/2-1/2

[Event "Prva liga Centralne Srbije 2007"]
[Site "?"]
[Date "2007.09.23"]
[Round "3.3"]
[White "Lukic, Predrag"]
[Black "Vulicevic, Novica"]
[Result "1-0"]
[WhiteElo "2182"]
[BlackElo "2181"]
[PlyCount "89"]
[EventDate "2007.09.24"]

1. d4 g6 2. e4 Bg7 3. Nf3 d6 4. Nc3 Nf6 5. h3 O-O 6. Be2 c6 7. O-O Qc7 8. Be3
Nbd7 9. Qd2 Re8 10. Bh6 Bh8 11. Ng5 Nb6 12. Qf4 e5 13. dxe5 dxe5 14. Qh4 Qe7
15. f4 exf4 16. Rxf4 Nbd7 17. Kh1 Ne5 18. Raf1 b5 19. a4 a6 20. Qf2 Ned7 21.
Bd3 Bb7 22. Ne2 Rad8 23. Ng3 Qe5 24. b4 Qc3 25. Ne2 Qe5 26. Ng3 Rb8 27. Nf3 Qe7
28. Bg5 Qxb4 29. e5 Qc5 30. Bxf6 Bxf6 31. exf6 Qxf2 32. Rxf2 Nc5 33. axb5 Nxd3
34. cxd3 cxb5 35. Ra2 Red8 36. d4 b4 37. Ne5 b3 38. Rb2 Bd5 39. Ne4 a5 40. Nc3
Rb4 41. Nxd5 Rxd5 42. Nc6 Rbb5 43. Ne7+ Kf8 44. Nxd5 a4 45. Nc3 1-0

[Event "Prva liga Centralne Srbije 2007"]
[Site "Vrnjacka Banja"]
[Date "2007.09.23"]
[Round "3.4"]
[White "Markovic, Zoran S"]
[Black "Pap, Misa"]
[Result "1/2-1/2"]
[WhiteElo "2379"]
[BlackElo "2493"]
[PlyCount "50"]
[EventDate "2007.09.09"]

1. e4 e5 2. Nf3 Nc6 3. Bb5 Nf6 4. O-O Bc5 5. c3 O-O 6. d4 Bb6 7. Bg5 h6 8. Bh4
d6 9. a4 a5 10. Re1 Qe7 11. Na3 Bg4 12. Nc4 g5 13. Bg3 Nd7 14. Ne3 Bxf3 15.
Qxf3 exd4 16. Nf5 Qf6 17. Rad1 dxc3 18. Bxc6 bxc6 19. Bxd6 c2 20. Rd2 Rfe8 21.
Bg3 Ne5 22. Bxe5 Rxe5 23. Rxc2 Rae8 24. Rce2 Kh7 25. h3 Rd8 1/2-1/2

[Event "Prva liga Centralne Srbije 2007"]
[Site "Vrnjacka Banja"]
[Date "2007.09.23"]
[Round "3.4"]
[White "Milanovic, Danilo"]
[Black "Organdziev, Oliver"]
[Result "1-0"]
[WhiteElo "2495"]
[BlackElo "2258"]
[PlyCount "67"]
[EventDate "2007.09.09"]

1. Nf3 d5 2. c4 c6 3. e3 Nf6 4. Nc3 e6 5. d4 Bd6 6. Bd3 Nbd7 7. O-O O-O 8. e4
dxe4 9. Nxe4 Nxe4 10. Bxe4 Nf6 11. Bc2 c5 12. Bg5 cxd4 13. Qxd4 Be7 14. Qh4 h5
15. Rfe1 Qa5 16. Re5 Qc7 17. Bxf6 Bxf6 18. Bh7+ Kh8 19. Qxh5 Rd8 20. Ng5 Bxg5
21. Rxg5 Qf4 22. Be4+ Kg8 23. Qh7+ Kf8 24. Qxg7+ Ke7 25. Rg4 Qd2 26. Bf3 Rd3
27. h4 Rxf3 28. gxf3 Bd7 29. Rd4 Qa5 30. Rxd7+ Kxd7 31. Qxf7+ Kc8 32. Qxe6+ Kc7
33. Qe7+ Kc6 34. Re1 1-0

[Event "Prva liga Centralne Srbije 2007"]
[Site "Vrnjacka Banja"]
[Date "2007.09.23"]
[Round "3.4"]
[White "Jovanovic, Drasko"]
[Black "Jovic, Stanoje"]
[Result "0-1"]
[WhiteElo "2250"]
[BlackElo "2295"]
[PlyCount "108"]
[EventDate "2007.09.09"]

1. d4 Nf6 2. Nf3 d6 3. g3 Bg4 4. Bg2 Nbd7 5. O-O e5 6. c4 c6 7. Nc3 Qc7 8. h3
Bxf3 9. Bxf3 Be7 10. b3 O-O 11. d5 c5 12. Bg5 Rfb8 13. e4 Qd8 14. h4 Ne8 15.
Qd2 a6 16. a4 b6 17. Bg4 Nf8 18. Kg2 Nc7 19. Be2 Ra7 20. Rh1 Rab7 21. Raf1 Ng6
22. Bxe7 Qxe7 23. h5 Nf8 24. h6 g6 25. f4 Nd7 26. Rf2 b5 27. cxb5 axb5 28. axb5
exf4 29. Qxf4 Ne5 30. Ra1 Rf8 31. Qf6 Qxf6 32. Rxf6 Rd8 33. Ra5 Kf8 34. Rf1 Ke7
35. Rfa1 Rdb8 36. Ra7 Rxa7 37. Rxa7 Kd8 38. Kf2 Kc8 39. Ke3 Ra8 40. Ra4 Kb7 41.
Kf4 f6 42. Ke3 Nf7 43. Bg4 Nxh6 44. Bd7 Rxa4 45. bxa4 Kb6 46. Be6 Ka5 47. Kd3
Kb4 48. Kc2 Na8 49. g4 Nb6 50. Kb2 Nc4+ 51. Kc2 Ka5 52. Kb3 Ne5 53. b6 Kxb6 54.
Nb5 Nhf7 0-1

[Event "Prva liga Centralne Srbije 2007"]
[Site "Vrnjacka Banja"]
[Date "2007.09.23"]
[Round "3.4"]
[White "Zivkovic, Momcilo"]
[Black "Stankovic, Dragan B"]
[Result "1/2-1/2"]
[WhiteElo "2147"]
[BlackElo "2262"]
[PlyCount "59"]
[EventDate "2007.09.09"]

1. e4 e5 2. Nf3 Nc6 3. Bb5 Nge7 4. O-O g6 5. c3 Bg7 6. d4 exd4 7. cxd4 d5 8. e5
O-O 9. h3 Bf5 10. Nc3 h6 11. b3 Be4 12. Bxc6 Nxc6 13. Be3 f5 14. exf6 Qxf6 15.
Nxe4 dxe4 16. Nd2 Qf5 17. Rc1 Rad8 18. Rc5 Qe6 19. Qg4 Nxd4 20. Rxc7 Qxg4 21.
hxg4 Ne2+ 22. Kh1 Rxd2 23. Bxd2 Ng3+ 24. Kg1 Ne2+ 25. Kh1 Ng3+ 26. Kg1 Nxf1 27.
Bb4 Rf7 28. Rxf7 Kxf7 29. Kxf1 Ke6 30. Bc5 1/2-1/2

[Event "Prva liga Centralne Srbije 2007"]
[Site "Vrnjacka Banja"]
[Date "2007.09.23"]
[Round "3.5"]
[White "Petkov, Vladimir"]
[Black "Bogosavljevic, Boban"]
[Result "0-1"]
[WhiteElo "2520"]
[BlackElo "2491"]
[PlyCount "122"]
[EventDate "2007.09.09"]

1. d4 d5 2. c4 c6 3. Nf3 Nf6 4. Qc2 g6 5. Bf4 dxc4 6. Qxc4 Bg7 7. Nc3 Be6 8.
Qd3 O-O 9. e4 b5 10. Be2 Bc4 11. Qc2 Bxe2 12. Nxe2 Qb6 13. O-O Nbd7 14. Rac1
Rac8 15. Be3 Qb7 16. e5 Nd5 17. e6 fxe6 18. Qe4 e5 19. dxe5 Nxe3 20. fxe3 Qb8
21. Nf4 Nxe5 22. Nd4 Bf6 23. g4 Nc4 24. Nxg6 hxg6 25. Qxg6+ Bg7 26. Ne6 Qe5 27.
Ng5 Qxe3+ 28. Kg2 Qe2+ 29. Kg1 Qxg4+ 30. Kh1 Rf6 31. Rxf6 exf6 32. Rg1 Qd7 33.
Ne6 Re8 34. Qxg7+ Qxg7 35. Nxg7 Re5 36. b3 Nd2 37. Nf5+ Kf7 38. Nd4 Rc5 39.
Rg7+ Kxg7 40. Ne6+ Kg6 41. Nxc5 Kf5 42. Kg2 a5 43. a3 Ne4 44. Nb7 a4 45. bxa4
bxa4 46. Na5 c5 47. Nc4 Kf4 48. Nb2 Ke3 49. Nxa4 c4 50. h4 f5 51. Nb6 c3 52.
Nd5+ Ke2 53. Nf4+ Ke3 54. Nd5+ Ke2 55. Nf4+ Kd2 56. Kf3 c2 57. Ne2 Kd1 58. h5
Ng5+ 59. Kf2 Nh3+ 60. Kf1 Kd2 61. h6 Nf4 0-1

[Event "Prva liga Centralne Srbije 2007"]
[Site "Vrnjacka Banja"]
[Date "2007.09.23"]
[Round "3.5"]
[White "Miljkovic, Miroslav"]
[Black "Manic, Jovica"]
[Result "1-0"]
[WhiteElo "2405"]
[BlackElo "2266"]
[PlyCount "63"]
[EventDate "2007.09.09"]

1. d4 c5 2. d5 e5 3. e4 d6 4. Nc3 a6 5. a4 Be7 6. Nf3 Bg4 7. Be2 Bxf3 8. Bxf3
Bg5 9. a5 Nd7 10. O-O Bxc1 11. Qxc1 Ne7 12. Bg4 Nf6 13. Bh3 Ng6 14. g3 O-O 15.
Qe1 h5 16. Na4 h4 17. Nb6 Rb8 18. Qe2 Qe7 19. Ra3 Rfd8 20. Rb3 Ne8 21. Rf3 Nf8
22. Kh1 g6 23. Qd2 Kg7 24. Rg1 Nh7 25. Re3 Ng5 26. gxh4 Nxh3 27. Rxh3 Nf6 28.
h5 Rh8 29. Qg5 Rbe8 30. hxg6 Nxe4 31. Qxe7 Rxe7 32. gxf7+ 1-0

[Event "Prva liga Centralne Srbije 2007"]
[Site "Vrnjacka Banja"]
[Date "2007.09.23"]
[Round "3.5"]
[White "Nikolic, Boban"]
[Black "Perunovic, Miodrag"]
[Result "0-1"]
[WhiteElo "2224"]
[BlackElo "2368"]
[PlyCount "56"]
[EventDate "2007.09.09"]

1. d4 Nf6 2. Nf3 e6 3. c4 b6 4. g3 Ba6 5. Qc2 Bb7 6. Bg2 Bb4+ 7. Bd2 a5 8. O-O
O-O 9. Bg5 h6 10. Bxf6 Qxf6 11. a3 Be7 12. e4 Qg6 13. Ne5 Qh7 14. Nc3 d6 15.
Nd3 Nc6 16. Nb5 Bf6 17. d5 Nd4 18. Nxd4 Bxd4 19. Kh1 c5 20. Rab1 Rae8 21. dxe6
Bxe4 22. exf7+ Rxf7 23. Bxe4 Qxe4+ 24. Kg1 Ref8 25. Rbc1 h5 26. Nf4 Rxf4 27.
gxf4 Qf3 28. Rce1 Rxf4 0-1

[Event "Prva liga Centralne Srbije 2007"]
[Site "Vrnjacka Banja"]
[Date "2007.09.23"]
[Round "3.5"]
[White "Maksimovic, Branimir"]
[Black "Todorovic, Bojan"]
[Result "1/2-1/2"]
[WhiteElo "2362"]
[BlackElo "2275"]
[PlyCount "59"]
[EventDate "2007.09.09"]

1. d4 Nf6 2. Nf3 g6 3. c4 Bg7 4. Nc3 O-O 5. e4 d6 6. Be2 e5 7. O-O Nbd7 8. Be3
c6 9. d5 Ng4 10. Bg5 f6 11. dxc6 bxc6 12. Qxd6 fxg5 13. Qe6+ Kh8 14. Qxg4 h6
15. Qg3 Rf4 16. Ne1 Nc5 17. Qe3 Ne6 18. b4 Nd4 19. Rc1 Be6 20. b5 cxb5 21. cxb5
Rc8 22. Nd3 Qa5 23. Nd5 Nc2 24. N3xf4 Nxe3 25. Nxe6 Rxc1 26. Rxc1 Nxd5 27. exd5
Qd2 28. Rc8+ Kh7 29. Bf1 Qxd5 30. Rc6 1/2-1/2

[Event "Prva liga Centralne Srbije 2007"]
[Site "Vrnjacka Banja"]
[Date "2007.09.23"]
[Round "3.5"]
[White "Jonic, Vladimir"]
[Black "Miljkovic, Mihajlo"]
[Result "1/2-1/2"]
[WhiteElo "2208"]
[BlackElo "2260"]
[PlyCount "108"]
[EventDate "2007.09.09"]

1. e4 c5 2. Nf3 Nc6 3. d4 cxd4 4. Nxd4 Qc7 5. Nc3 e6 6. Be3 a6 7. Qd2 Nf6 8.
O-O-O Bb4 9. f3 Ne7 10. Bf4 e5 11. Bg3 Bxc3 12. bxc3 O-O 13. Nb3 Rd8 14. Qd6
Qxd6 15. Rxd6 Ne8 16. Rd2 Nc6 17. Bc4 Kf8 18. Bf2 d6 19. Bb6 Rd7 20. Rhd1 Re7
21. Bd5 Be6 22. c4 Bxd5 23. Rxd5 Kg8 24. c3 Rc8 25. Kc2 h6 26. a4 g6 27. g4 Kg7
28. a5 Nb8 29. c5 dxc5 30. Nxc5 Nc6 31. Rd7 Rxd7 32. Rxd7 Nxa5 33. Ne6+ Kf6 34.
Nd8 Nc4 35. Rxf7+ Kg5 36. Ne6+ Kh4 37. Bf2+ Kh3 38. Bg3 Ned6 39. Rh7 Kg2 40.
Rxh6 Kxf3 41. Rxg6 Nxe4 42. Ng5+ Nxg5 43. Rxg5 Ne3+ 44. Kb3 e4 45. Rg7 b5 46.
g5 Nf5 47. Rf7 Kg4 48. g6 Nxg3 49. hxg3 Kxg3 50. g7 Rg8 51. Kc2 a5 52. Kd2 b4
53. cxb4 axb4 54. Ke3 Kg4 1/2-1/2